000 00499nam a2200181 i 4500
001 bg
100 1 _aCRYSTAL, David
_d(1941-).
245 0 _aThe Cambridge encyclopedia of language /
_cDavid Crystal.
260 _aCambridge :
_bCambridge Univ. Press,
_c1987.
300 _aVII, 475 s. :
_bfot.,mapy, rys. ;
_c28 cm.
650 9 _aJęzyk angielski
655 _aEncyklopedie
040 _cBPK
041 0 _aen
080 _a802.0(03)
942 _cKS
008 s pl f |000 0 pol
999 _c30186
_d30186
856 _uhttp://koha.tu.koszalin.pl/cgi-bin/koha/opac-detail.pl?biblionumber=30186
_yKatalog online BPK